Sword Art Online Quiz (Series 1) - Statistics

General Stats
  • This quiz has been taken 328 times
    323 since last reset
  • The average score is 13 of 28
Answer Stats
Hint Answer % Correct
#1 Name of Main Male Protagonist Kirito
99%
#2 Name of #1 In Game Wife Asuna
98%
#17 First Name of #2 Asuna
98%
#4 Blacksmith Lisbeth
76%
#15 First Name of #1 Kazuto
73%
#3 Dragon Tamer Silica
71%
#22 Aincrad Has How Many Floors 100
65%
#16 Last Name of #1 Kirigaya
65%
#18 Last Name of #2 Yuuki
63%
#5 Merchant Agil
61%
#20 #1 And #19 Are Actually Cousins
49%
#19 'Sister' of #1 Suguha
48%
#26 Name of Program That #1 and #2 Adopt Yui
46%
#24 #24's In Game Name Heathcliff
42%
#10 Nickname For #1 The Black Swordsman
42%
#11 Floor When #1 First Uses Dual Wielding 74
39%
#8 Name of The Guild #2 Is In Knights of The Blood
35%
#23 Creator of Aincrad Akihiko Kayaba
34%
#12 Boss #1 First Uses Dual Wielding On The Gleam Eyes
33%
#9 Nickname For #2 Lightning Flash
31%
#27 Name of Company That Created SAO Argus
25%
#13 Floor 1 Boss Illfang the Kobald Lord
17%
#21 Name of #2's Weapon Lambent Light
15%
#7 Name of Other Weapon #1 Uses The Elucidator
14%
#6 Name of Weapon #4 Made For #1 The Dark Repulsor
10%
#25 Final Boss #1 Fights (excluding #25) The Skull Reaper
8%
#28 Name of City Where The #8 Headquarters Are Grandzam
7%
#14 Floor 10 Boss Kagachi the Samurai Lord
7%
No matching quizzes found
Score Distribution
Percent of People with Each Score
Percentile by Number Answered
Your Score History
You have not taken this quiz since the last reset